Quick Pick: UK vs US Spelling Quiz Stats

 Plays Quiz Updated Aug 4, 2018

Also try: UK/US Words
Challenge
Share
Tweet
Embed
Score 0/10 Timer 00:30
0 Plays Today
% Correct
Color
92.3%
Airplane
88.3%
Fiber
82.6%
Mold
79.5%
Pajamas
74.6%
Organize
74.4%
Yogurt
70.4%
Filet
65.9%
Maneuver
55.7%
Cipher
48.3%

Today's Daily Dose

You're not logged in!

Compare scores with friends on all Sporcle quizzes.
OR
Log In

You Might Also Like...

Show Comments

Extras

Top Quizzes Today


Score Distribution

Your Account Isn't Verified!

In order to create a playlist on Sporcle, you need to verify the email address you used during registration. Go to your Sporcle Settings to finish the process.

Report this User

Report this user for behavior that violates our Community Guidelines.

Details: